ბათუმის შოთა რუსთაველის სახელმწიფო უნივერსიტეტის ბიბლიოთეკა

აჭარის იშვიათი და გადაშენების გზაზე მდგარი ცხოველები / (ბიბ.ჩანაწერი № 53025)

000 -ლიდერი
ფიქსირებული სიგრძის საკონტროლო ველი 02187nam a2200337Ia 4500
001 - საკონტროლო ნომერი
საკონტროლო ველი 20058
003 - საკონტროლო ნომრის იდენტიფიკატორი
საკონტროლო ველი GE_BSU
005 - ბოლო ოპერაციის თარიღი და დრო
საკონტროლო ველი 20250415174546.0
008 - ფიქსირებული სიგრძის მონაცემთა ელემენტები - ზოგადი ინფორმაცია
ფიქსირებული სიგრძის საკონტროლო ველი 181216s||||||||xx |||||||||||||| ||und||
020 ## - წიგნის საერთაშორისო სტანდარტული ნომერი
International Standard Book Number 978994021123
040 ## - კატალოგიზაციის წყარო
Transcribing agency GE_BSU
041 ## - ენის კოდი
Language code of text/sound track or separate title geo
080 ## - უნივერსალური ათობითი კლასიფიკაციის ინდექსი
Universal Decimal Classification number 597.2/.5 მ-25
100 ## - მთავარი ჩანაწერი - პიროვნების სახელი
Personal name გოგმაჩაძე, თემურ
9 (RLIN) 118
245 ## - ცნობა სათაურის შესახებ
Title აჭარის იშვიათი და გადაშენების გზაზე მდგარი ცხოველები /
Statement of responsibility, etc თემურ გოგმაჩაძე, რევაზ ზოსიძე, რევაზ ჟორდანია ; მთ. რედ. შაქრო ფალავანდიშვილი, ანზორ დიასამიძე, მურმან დავითაძე, აკაკი კომახიძე.
264 ## - წარმოების, გამოცემის, დისტრიბუციის და სხვა ცნობები
გამოცემის, წარმოების, დისტრიბუციის... ადგილი ბათუმი :
გამოცემის, წარმოების, დისტრიბუციის... სახელწოდება შოთა რუსთაველის სახ. უნ-ტი,
გამოცემის, წარმოების, დისტრიბუციის... თარიღი 2009.
300 ## - ფიზიკური აღწერა
Extent 228 გვ. ;
Dimensions 21 სმ.
500 ## - ზოგადი შენიშვნა
General note წიგნის დანართი წითელი ნუსხა გვ. 209-222
504 ## - BIBLIOGRAPHY, ETC. NOTE
Bibliography, etc ბიბლიოგრ. : გვ.223-226
546 ## - LANGUAGE NOTE
Language note პარალ. სათ. რუს. და ინგლ. ენ.
653 ## - INDEX TERM--UNCONTROLLED
Uncontrolled term აჭარის იშვიათი და გადაშენების გზაზე მდგარი ცხოველები
653 ## - INDEX TERM--UNCONTROLLED
Uncontrolled term ზოოლოგია
700 ## - ADDED ENTRY--PERSONAL NAME
Personal name ზოსიძე, რევაზ
Relator term ავტორი
9 (RLIN) 11998
700 ## - ADDED ENTRY--PERSONAL NAME
Personal name ჟორდანია, რევაზ
Relator term ავტორი
9 (RLIN) 2717
700 ## - ADDED ENTRY--PERSONAL NAME
Personal name ფალავანდიშვილი, შაქრო
Relator term მთ. რედაქტორი
9 (RLIN) 24646
700 ## - ADDED ENTRY--PERSONAL NAME
Personal name დიასამიძე, ანზორ
Relator term რედაქტორი
9 (RLIN) 1109
700 ## - ADDED ENTRY--PERSONAL NAME
Personal name დავითაძე, მურმან
Relator term რედაქტორი
9 (RLIN) 24818
700 ## - ADDED ENTRY--PERSONAL NAME
Personal name კომახიძე, აკაკი
Relator term რედაქტორი
9 (RLIN) 24819
710 ## - ADDED ENTRY--CORPORATE NAME
Corporate name or jurisdiction name as entry element შოთა რუსთაველის სახელმწიფო უნივერსიტეტი
9 (RLIN) 24820
942 ## - ADDED ENTRY ELEMENTS (KOHA)
Koha item type წიგნი
Source of classification or shelving scheme
ეგზემპლარები
ჩამოწერის სტატუსი დაკარგული ეგზემპლარის სტატუსი კლასიფიკაციის წყარო ან თაროზე გაწყობის სქემა დაზიანების სტატუსი არ გაიცემა მუდმივი მდებარეობა (დაცვის ადგილი) ამჟამინდელი ადგილსამყოფელი თაროზე განთავსების ადგილი შეძენის თარიღი ღირებულება, შესყიდვის ნორმალური ფასი სრული შენახვის შიფრი შტრიხკოდი ბოლო ოპერაციის თარიღი ეგზემპლარის მიმდევრობითი ნომერი (კეტერი?) ფასის ძალაში შესვლის თარიღი ეგზემპლარის სახეობა საჯარო შენიშვნა
          ბათუმის შოთა რუსთაველის სახელმწიფო უნივერსიტეტის მთავარი ბიბლიოთეკა ბათუმის შოთა რუსთაველის სახელმწიფო უნივერსიტეტის მთავარი ბიბლიოთეკა წიგნსაცავი 2018-12-17 10.00 597.2/.5 მ-25 27858 2018-12-17 27858 2018-12-17 წიგნი 10.00 ₾.